| 000 | 00465nam a2200157 a 4500 | ||
|---|---|---|---|
| 005 | 20140412111313.0 | ||
| 008 | 050519s19uu xx 00 eng d | ||
| 020 | _a0-448-09287-5 | ||
| 050 |
_aREF 421.1 _bK88 1994 |
||
| 100 | _aKovacs, Deborah | ||
| 245 |
_aWoody's first dictionary / _cby Deborah Kovacs ; illustrated by Eve Rose. |
||
| 260 |
_aNew York : _bGrosset & Dunlap, _c1988. |
||
| 300 | _a1 v. (unp.) ; ill. | ||
| 650 | _aPicture word | ||
| 999 |
_c104087 _d104087 |
||